|
|
|
|
| LEADER |
00000cam a2200000 i 4500 |
| 001 |
1/78407 |
| 008 |
970218s1977 gr | ||| |||| ||gre|| |
| 035 |
|
|
|a 1995
|b 1
|c Δωρεά
|l 10032915
|
| 040 |
|
|
|a GR-MY-UA
|b gre
|e aacr
|
| 041 |
0 |
|
|a gre
|
| 082 |
7 |
|
|a 155.4
|2 (22)
|
| 100 |
1 |
|
|a Παπαδόπουλος, Νίκος Γ.
|
| 245 |
1 |
0 |
|a Ψυχολογία αγωγής του παιδιού :
|b για γονείς και εκπαιδευτικούς /
|c Νικολάου Γ. Παπαδοπούλου.
|
| 250 |
|
|
|a 2η εκδ. βελτιωμ.
|
| 260 |
|
|
|a Αθήνα :
|b [χ.ό.],
|c 1977.
|
| 300 |
|
|
|a 96 σ. ;
|c 17 εκ.
|
| 504 |
|
|
|a Βιβλιογραφία : σ. 85-91.
|
| 500 |
|
|
|a Το δεύτερο αντίτυπο του Παραρτήματος Βιβλιοθήκης Ρόδου είναι η τρίτη έκδοση του 1977.
|
| 650 |
0 |
0 |
|a Developmental psychology.
|
| 650 |
0 |
0 |
|a Child psychology.
|
| 852 |
|
|
|a INST
|b RHODES
|e 19970218
|h 155.4 ΠΑΠ
|p 005400007195
|q 005400007195
|t BK
|y 0
|
| 852 |
|
|
|a INST
|b RHODES
|c AKA
|e 20220216
|h 155.4 ΠΑΠ
|p 005400042602
|q 005400042602
|t BK
|y 0
|
| 909 |
|
|
|a Ρ
|b 042811
|
| 970 |
|
|
|z 2000/08
|